000 01104nam a22003497a 4500
001 BR0301353
003 BR-BrBNA
005 20230928101242.0
007 ta
008 230509b bl.||||| |||| 00| 0 por d
040 _aBR-BrBNA
_bpor
_cBiblioteca Nacional de Agricultura
041 _a(Por)
072 _aQ04; Q54
_b3430
_b3750
090 _ 3430 BR0301353
100 1 _aFreitas, F.P.P. de
110 1 _aEscola Superior de Agricultura Luiz de Queiroz, Piracicaba, SP (Brasil)
_0Tese (Mestre em Agronomia)
245 1 _aEfeito do selenito no cultivo descontínuo de leveduras Saccharomyces cerevisiae, produtoras e não produtoras de H2S
260 3 _aPiracicaba, SP (Brasil):
_c2002.
300 _a82 p.
500 _aSummaries (Eng, Por); Bibliography p. 69-78; 22 illus.
650 _aRAÇÃO
650 _aDIETA
650 _aNUTRIÇÃO HUMANA
650 _aFERMENTO
650 _aLEVEDO
650 _aSELÊNIO
650 _aMEIO DE CULTURA
650 _aMICROBIOLOGIA DE ALIMENTO
650 _aCOMPOSIÇÃO QUÍMICA
909 _a202309
_bLucia
_c55
_dLucia Elande
942 _cBK
999 _c64935
_d64935